[Event "EU-ch rapid"]
[Site "Minsk"]
[Date "2015.12.19"]
[Round "6"]
[White "Payanidi, Janis"]
[Black "Sychev, Klementy"]
[Result "0-1"]
[WhiteElo "2164"]
[BlackElo "2415"]
[PlyCount "102"]
[EventDate "2015.12.19"]
[EventType "swiss (rapid)"]
[EventRounds "11"]
[EventCountry "BLR"]
[SourceTitle "EXT 2017"]
[Source "ChessBase"]
[SourceDate "2016.10.25"]
[SourceVersion "1"]
[SourceVersionDate "2016.10.25"]
[SourceQuality "1"]

1. e4 c5 2. Nf3 e6 3. d4 cxd4 4. Nxd4 Nc6 5. Nc3 Qc7 6. Be3 a6 7. Be2 b5 8. a3 Bb7 9. 0-0 Nf6 10. f4 Nxd4 11. Qxd4 Rc8 12. Bf3 Bc5 13. Qxc5 Qxc5 14. Bxc5 Rxc5 15. e5 Bxf3 16. Rxf3 Nd5 17. Nxd5 Rxd5 18. Rd3 Rxd3 19. cxd3 d6 20. Rc1 Kd7 21. d4 Rb8 22. b3 Rb6 23. Kf2 Rc6 24. Rxc6 Kxc6 25. Ke3 Kd5 26. g3 dxe5 27. dxe5 a5 28. Kd3 g5 29. Ke3 g4 30. Kd3 a4 31. bxa4 bxa4 32. Kc3 Kc5 33. Kd3 h6 34. Kc3 h5 35. Kd3 Kd5 36. Kc3 Ke4 37. Kb4 Kf3 38. Kxa4 Kg2 39. Kb5 Kxh2 40. a4 h4 41. a5 hxg3 42. a6 g2 43. a7 g1Q 44. a8Q Qf1+ 45. Kc5 Qxf4 46. Qh8+ Kg1 47. Kd6 g3 48. Qh5 g2 49. Qd1+ Kf2 50. Qc2+ Kg3 51. Qd1 Qe3 0-1

[Event "RUS-chT U18"]
[Site "St Petersburg"]
[Date "2015.08.06"]
[Round "6.22"]
[White "Payanidi, Janis"]
[Black "Yashmetov, Mikhail"]
[Result "0-1"]
[WhiteElo "2238"]
[BlackElo "2183"]
[PlyCount "52"]
[EventDate "2015.08.01"]
[EventType "team-swiss"]
[EventRounds "9"]
[EventCountry "RUS"]
[SourceTitle "CBM 167 Extra"]
[Source "ChessBase"]
[SourceDate "2015.09.14"]
[SourceVersion "1"]
[SourceVersionDate "2015.09.14"]
[SourceQuality "1"]
[WhiteTeam "Moscow SSHOR Youth III"]
[BlackTeam "Kostroma MBOU"]
[WhiteTeamCountry "RUS"]
[BlackTeamCountry "RUS"]

1. e4 c5 2. Nf3 Nc6 3. Bb5 Nf6 4. Nc3 Qc7 5. 0-0 Nd4 6. Re1 a6 7. Bf1 d6 8. Nxd4 cxd4 9. Nd5 Nxd5 10. exd5 g6 11. c4 Bg7 12. Qe2 e5 13. dxe6 fxe6 14. Qf3 Rf8 15. Qe4 Rf5 16. f4 d5 17. cxd5 Rxf4 18. Qd3 e5 19. g3 Bf5 20. Qa3 Re4 21. Bb5+ Kf7 22. Rf1 axb5 23. Qxa8 d3 24. Qa3 Qb6+ 25. Kh1 Re1 26. Kg2 Rxf1 0-1

[Event "RUS-chT rapid"]
[Site "Sochi"]
[Date "2015.05.09"]
[Round "9.35"]
[White "Payanidi, Janis"]
[Black "Alikulov, Elbek"]
[Result "0-1"]
[WhiteElo "2252"]
[BlackElo "2401"]
[PlyCount "88"]
[EventDate "2015.05.08"]
[EventType "team-swiss"]
[EventRounds "9"]
[EventCountry "RUS"]
[SourceTitle "CBM 166 Extra"]
[Source "ChessBase"]
[SourceDate "2015.06.18"]
[SourceVersion "1"]
[SourceVersionDate "2015.06.18"]
[SourceQuality "1"]
[WhiteTeam "Moscow Youth"]
[BlackTeam "Moscow Academy"]
[WhiteTeamCountry "RUS"]
[BlackTeamCountry "RUS"]

1. e4 c5 2. Nf3 d6 3. d4 cxd4 4. Nxd4 Nf6 5. Nc3 a6 6. f3 e5 7. Nb3 Be6 8. Be3 Be7 9. Qd2 0-0 10. 0-0-0 a5 11. Kb1 Nbd7 12. g4 Nb6 13. g5 Nfd7 14. h4 a4 15. Nc1 f5 16. Nd5 Nxd5 17. exd5 Bf7 18. Qb4 Bh5 19. Be2 Qc7 20. f4 Bxe2 21. Nxe2 Rfc8 22. Rd2 Bf8 23. Nc3 Qc4 24. Qxc4 Rxc4 25. fxe5 dxe5 26. Ne2 Bb4 27. c3 Bd6 28. b3 Re4 29. Bf2 b5 30. Ng3 Rf4 31. Rf1 g6 32. h5 Rc8 33. hxg6 hxg6 34. Kc2 Rg4 35. Rb1 a3 36. Rh1 Rxg5 37. Be1 e4 38. Rdh2 Be5 39. Rh7 Nf8 40. R7h3 Rc5 41. d6 Bxd6 42. c4 bxc4 43. Rh8+ Kf7 44. Bb4 cxb3+ 0-1

[Event "RUS-chT2"]
[Site "Sochi"]
[Date "2015.05.04"]
[Round "4.6"]
[White "Payanidi, Janis"]
[Black "Bykov, Egor"]
[Result "1-0"]
[WhiteElo "2252"]
[BlackElo "2263"]
[PlyCount "129"]
[EventDate "2015.05.01"]
[EventType "team-swiss"]
[EventRounds "7"]
[EventCountry "RUS"]
[SourceTitle "CBM 166 Extra"]
[Source "ChessBase"]
[SourceDate "2015.06.18"]
[SourceVersion "1"]
[SourceVersionDate "2015.06.18"]
[SourceQuality "1"]
[WhiteTeam "Moscow Youth"]
[BlackTeam "Stavropol Region"]
[WhiteTeamCountry "RUS"]
[BlackTeamCountry "RUS"]

1. e4 e6 2. d4 d5 3. Nc3 dxe4 4. Nxe4 Nd7 5. Nf3 Ngf6 6. Bd3 Nxe4 7. Bxe4 Nf6 8. Bg5 Be7 9. Bxf6 gxf6 10. c3 f5 11. Bd3 Qd5 12. Qb3 Qxb3 13. axb3 c5 14. dxc5 Bxc5 15. b4 Bd6 16. Nd4 Ke7 17. 0-0 Bd7 18. Rfd1 Rhd8 19. Nb3 Bc6 20. Na5 Rg8 21. Nxc6+ bxc6 22. Ra6 Rgc8 23. Rda1 Rc7 24. g3 h6 25. Bf1 c5 26. b5 Rb8 27. Rxa7 Kf6 28. R7a6 Be7 29. c4 Rd7 30. Bg2 Rd2 31. b6 Rxb2 32. b7 Bd8 33. Ra8 Bc7 34. Bf3 f4 35. Rd1 Be5 36. Rd7 Kg6 37. Kg2 Rb4 38. Rxb8 Bxb8 39. Rd8 Be5 40. Rc8 Bd6 41. Rc6 Be7 42. Ra6 Rb3 43. gxf4 Bd8 44. Bc6 Bc7 45. Bb5 Rd3 46. Rc6 Bxf4 47. Rc8 Rd4 48. b8Q Bxb8 49. Rxb8 Rf4 50. Rc8 Rf5 51. h4 Kf6 52. Rc7 Kg6 53. Kg3 Kf6 54. f3 Kg7 55. Ba4 Kf6 56. Bc2 Re5 57. Kf4 Rh5 58. Kg4 Re5 59. f4 Re2 60. Ba4 e5 61. Rxc5 Re4 62. Rxe5 Rxc4 63. Rf5+ Kg6 64. h5+ Kg7 65. Bb3 1-0

[Event "RUS-chT2"]
[Site "Sochi"]
[Date "2015.05.02"]
[Round "2.5"]
[White "Payanidi, Janis"]
[Black "Usmanov, Vasily"]
[Result "1/2-1/2"]
[WhiteElo "2252"]
[BlackElo "2462"]
[PlyCount "79"]
[EventDate "2015.05.01"]
[EventType "team-swiss"]
[EventRounds "7"]
[EventCountry "RUS"]
[SourceTitle "CBM 166 Extra"]
[Source "ChessBase"]
[SourceDate "2015.06.18"]
[SourceVersion "1"]
[SourceVersionDate "2015.06.18"]
[SourceQuality "1"]
[WhiteTeam "Moscow Youth"]
[BlackTeam "St Petersburg Hilti"]
[WhiteTeamCountry "RUS"]
[BlackTeamCountry "RUS"]

1. e4 c5 2. Nf3 Nc6 3. Bb5 g6 4. 0-0 Bg7 5. Re1 Nf6 6. e5 Nd5 7. Nc3 Nc7 8. Bxc6 dxc6 9. Ne4 b6 10. Nf6+ Kf8 11. Ne4 h6 12. h3 Kg8 13. a4 Be6 14. d3 Kh7 15. b3 f5 16. exf6 exf6 17. Bb2 Re8 18. Ng3 Bd5 19. Rxe8 Nxe8 20. Qe2 Nd6 21. Re1 Qf8 22. Nd2 Re8 23. Qd1 Kg8 24. Rxe8 Qxe8 25. c4 Be6 26. Nde4 Qe7 27. Nxd6 Qxd6 28. Ne4 Qe7 29. Qa1 Kf7 30. g4 Qd8 31. f3 g5 32. Kg2 Kg6 33. Bc3 a5 34. Qb2 Bc8 35. Kf2 Qc7 36. Kg2 Qd8 37. Kf2 Qc7 38. Kg2 Qd8 39. Kf2 Qc7 40. Kg2 1/2-1/2

[Event "Moscow op-A"]
[Site "Moscow"]
[Date "2015.02.06"]
[Round "7"]
[White "Manakova, Maria"]
[Black "Payanidi, Janis"]
[Result "1-0"]
[WhiteElo "2318"]
[BlackElo "2167"]
[PlyCount "111"]
[EventDate "2015.01.31"]
[EventType "swiss"]
[EventRounds "9"]
[EventCountry "RUS"]
[SourceTitle "CBM 164 Extra"]
[Source "ChessBase"]
[SourceDate "2015.03.02"]
[SourceVersion "1"]
[SourceVersionDate "2015.03.02"]
[SourceQuality "1"]

1. e4 c5 2. Nf3 d6 3. d4 cxd4 4. Nxd4 Nf6 5. Nc3 a6 6. Be2 e5 7. Nb3 Be7 8. 0-0 0-0 9. Be3 Be6 10. Nd5 Nbd7 11. Qd3 Bxd5 12. exd5 Rc8 13. c4 a5 14. Rfd1 b6 15. Nd2 Nc5 16. Qf5 Nfd7 17. b3 g6 18. Qh3 f5 19. Bh6 Re8 20. a3 Nf6 21. b4 Nce4 22. Nxe4 Nxe4 23. Bc1 Bh4 24. Rf1 Bg5 25. Rb1 a4 26. Rb2 b5 27. Rc2 bxc4 28. Bxc4 Re7 29. Bxg5 Nxg5 30. Qd3 e4 31. Qd4 e3 32. f3 Rec7 33. Re1 f4 34. Qxf4 Rf7 35. Qxe3 Rf5 36. f4 Nf7 37. Bd3 Rxd5 38. Rxc8 Qxc8 39. Qe8+ Qxe8 40. Rxe8+ Kg7 41. Re3 Rd4 42. Bc2 Rxf4 43. Bxa4 Ne5 44. Bb3 Ng4 45. Re2 Rd4 46. h3 Ne5 47. b5 Rd3 48. Rb2 Nd7 49. a4 Nc5 50. b6 Rd4 51. Bc2 Rd2 52. b7 Nd7 53. a5 Nb8 54. Ra2 Na6 55. Bb3 Rd4 56. Ra4 1-0

[Event "Moscow op-A"]
[Site "Moscow"]
[Date "2015.02.04"]
[Round "5"]
[White "Demianjuk, Alexander"]
[Black "Payanidi, Janis"]
[Result "1/2-1/2"]
[WhiteElo "2327"]
[BlackElo "2167"]
[PlyCount "132"]
[EventDate "2015.01.31"]
[EventType "swiss"]
[EventRounds "9"]
[EventCountry "RUS"]
[SourceTitle "CBM 164 Extra"]
[Source "ChessBase"]
[SourceDate "2015.03.02"]
[SourceVersion "1"]
[SourceVersionDate "2015.03.02"]
[SourceQuality "1"]

1. d4 Nf6 2. c4 e6 3. Nf3 b6 4. g3 Ba6 5. b3 Bb4+ 6. Bd2 Be7 7. Nc3 c6 8. e4 d5 9. Qc2 dxe4 10. Nxe4 c5 11. dxc5 Bb7 12. Bd3 Bxc5 13. 0-0 Nbd7 14. Rad1 Be7 15. Bf4 Qc8 16. Bd6 Nxe4 17. Bxe4 Nf6 18. Bxb7 Qxb7 19. Ne5 0-0 20. Bxe7 Qxe7 21. Rd3 Qc7 22. f4 b5 23. Rfd1 bxc4 24. Qxc4 Qb6+ 25. Qd4 Nd5 26. Qxb6 axb6 27. a4 b5 28. Nd7 Rfe8 29. axb5 Re7 30. Nc5 Rb8 31. Ra1 g6 32. Ra5 Rc7 33. Na6 Rc1+ 34. Kg2 Rb6 35. Rd4 Rc2+ 36. Kh3 Ne3 37. Nb4 Rb2 38. Rd3 Nd5 39. Nxd5 exd5 40. Kg4 Rxh2 41. Rxd5 Rb2 42. Ra3 Kg7 43. Kf3 Rc2 44. b4 Rb2 45. Ra4 Re6 46. Re5 Rd6 47. f5 Rd4 48. fxg6 hxg6 49. Ke3 Rdxb4 50. Rxb4 Rxb4 51. Kd3 Rg4 52. Re4 Rxg3+ 53. Kc4 Rg1 54. b6 f5 55. Re3 Rc1+ 56. Rc3 Rd1 57. b7 Rd8 58. Kb5 Rb8 59. Kb6 g5 60. Rc8 Rxb7+ 61. Kxb7 Kf6 62. Re8 g4 63. Kc6 Kg5 64. Kd5 Kf4 65. Rg8 g3 66. Ke6 Kf3 1/2-1/2

[Event "Moscow op-A"]
[Site "Moscow"]
[Date "2015.02.02"]
[Round "3"]
[White "Zenin, Dmitri"]
[Black "Payanidi, Janis"]
[Result "0-1"]
[WhiteElo "2381"]
[BlackElo "2167"]
[PlyCount "98"]
[EventDate "2015.01.31"]
[EventType "swiss"]
[EventRounds "9"]
[EventCountry "RUS"]
[SourceTitle "CBM 164 Extra"]
[Source "ChessBase"]
[SourceDate "2015.03.02"]
[SourceVersion "1"]
[SourceVersionDate "2015.03.02"]
[SourceQuality "1"]

1. d4 Nf6 2. c4 e6 3. Nc3 Bb4 4. e3 c5 5. Nge2 0-0 6. a3 Bxc3+ 7. Nxc3 cxd4 8. exd4 d5 9. c5 b6 10. b4 bxc5 11. bxc5 Nc6 12. Qa4 Bd7 13. Bb5 Qa5 14. Qxa5 Nxa5 15. Rb1 Bxb5 16. Rxb5 Nc6 17. Be3 Ne4 18. Nxe4 dxe4 19. 0-0 Rad8 20. Rc1 Rd7 21. Kf1 h6 22. Rc4 f5 23. f4 Rfd8 24. Rb2 Kh7 25. g3 Rd5 26. Ra4 a5 27. Rb6 Nxd4 28. Rxd4 Rxd4 29. Bxd4 Rxd4 30. Rxe6 Ra4 31. Re5 Kg6 32. c6 Rc4 33. Rxa5 Rxc6 34. a4 Rc1+ 35. Kg2 Rc2+ 36. Kh3 Ra2 37. g4 fxg4+ 38. Kxg4 Rxh2 39. Re5 Rg2+ 40. Kh3 Re2 41. a5 Kf6 42. a6 Ra2 43. Kg4 Rxa6 44. Rxe4 h5+ 45. Kh4 Kf5 46. Re7 g6 47. Rb7 Ra4 48. Rf7+ Ke6 49. Rf8 Ke7 0-1

[Event "Moscow Petrosian Memorial op"]
[Site "Moscow"]
[Date "2015.01.12"]
[Round "9"]
[White "Yeletsky, Ivan"]
[Black "Payanidi, Janis"]
[Result "1-0"]
[WhiteElo "2315"]
[BlackElo "2167"]
[PlyCount "87"]
[EventDate "2015.01.04"]
[EventType "swiss"]
[EventRounds "9"]
[EventCountry "RUS"]
[SourceTitle "CBM 164 Extra"]
[Source "ChessBase"]
[SourceDate "2015.03.02"]
[SourceVersion "1"]
[SourceVersionDate "2015.03.02"]
[SourceQuality "1"]

1. e4 e6 2. d4 d5 3. Nd2 Nf6 4. e5 Nfd7 5. f4 c5 6. Ngf3 Nc6 7. Nb3 Qb6 8. c3 Be7 9. dxc5 Nxc5 10. Be3 a5 11. Qd2 Nxb3 12. Bxb6 Nxd2 13. Kxd2 f6 14. Bd3 0-0 15. Rhf1 fxe5 16. Nxe5 Bd6 17. Rae1 a4 18. g3 Bxe5 19. fxe5 Rxf1 20. Bxf1 Bd7 21. Bc7 Na5 22. Bxa5 Rxa5 23. Bh3 Kf7 24. Rf1+ Ke7 25. Rf4 Ra8 26. Rb4 Bc6 27. Ke3 Rf8 28. Rg4 Rg8 29. Rb4 Rf8 30. Rg4 Rg8 31. Rf4 Rc8 32. Bf1 Ra8 33. Bd3 a3 34. b3 Rh8 35. Kd4 Be8 36. Kc5 Bf7 37. Ra4 Be8 38. Rxa3 Bc6 39. b4 Rc8 40. b5 Be8+ 41. Kb6 d4 42. cxd4 Rd8 43. Ra4 Rd5 44. Rb4 1-0

[Event "Moscow Petrosian Memorial op"]
[Site "Moscow"]
[Date "2015.01.09"]
[Round "6"]
[White "Payanidi, Janis"]
[Black "Savenkov, Konstantin"]
[Result "0-1"]
[WhiteElo "2167"]
[BlackElo "2363"]
[PlyCount "64"]
[EventDate "2015.01.04"]
[EventType "swiss"]
[EventRounds "9"]
[EventCountry "RUS"]
[SourceTitle "CBM 164 Extra"]
[Source "ChessBase"]
[SourceDate "2015.03.02"]
[SourceVersion "1"]
[SourceVersionDate "2015.03.02"]
[SourceQuality "1"]

1. e4 e5 2. Nf3 Nc6 3. Bb5 a6 4. Ba4 d6 5. c3 Bd7 6. 0-0 Nge7 7. Bb3 Ng6 8. d4 Be7 9. h3 h6 10. Be3 Bg5 11. a4 Qf6 12. Ne1 Nf4 13. Bxf4 Bxf4 14. Nd3 h5 15. dxe5 dxe5 16. Nc5 Bc8 17. Qf3 g5 18. g3 Bxh3 19. gxf4 g4 20. Qd3 Rd8 21. Bd5 exf4 22. Bxc6+ Qxc6 23. Qc4 Bxf1 24. Kxf1 b6 25. Na3 Qxc5 26. Qxc5 bxc5 27. Nc4 h4 28. Kg2 h3+ 29. Kh2 Rd3 30. Rg1 g3+ 31. fxg3 fxg3+ 32. Kh1 f6 0-1

[Event "Moscow Petrosian Memorial op"]
[Site "Moscow"]
[Date "2015.01.08"]
[Round "5"]
[White "Borisova, Ekaterina"]
[Black "Payanidi, Janis"]
[Result "0-1"]
[WhiteElo "1928"]
[BlackElo "2167"]
[PlyCount "74"]
[EventDate "2015.01.04"]
[EventType "swiss"]
[EventRounds "9"]
[EventCountry "RUS"]
[SourceTitle "CBM 164 Extra"]
[Source "ChessBase"]
[SourceDate "2015.03.02"]
[SourceVersion "1"]
[SourceVersionDate "2015.03.02"]
[SourceQuality "1"]

1. e4 c5 2. Nf3 d6 3. d4 cxd4 4. Nxd4 Nf6 5. Nc3 a6 6. Bg5 e5 7. Nb3 Be7 8. Qd2 Be6 9. 0-0-0 Nbd7 10. f4 Qc7 11. Kb1 h6 12. Bh4 b5 13. Bxf6 Nxf6 14. Nd5 Nxd5 15. exd5 Bg4 16. Re1 0-0 17. h3 Bd7 18. g3 Bf6 19. Bg2 Qb6 20. Nc1 b4 21. Re4 a5 22. g4 exf4 23. Nd3 g5 24. h4 Rfe8 25. hxg5 hxg5 26. Nxf4 Rxe4 27. Nh5 Rf4 28. Nxf6+ Rxf6 29. Qxg5+ Rg6 30. Qh5 Qd4 31. Be4 Qg7 32. Bxg6 fxg6 33. Qg5 a4 34. Qf4 a3 35. Qxb4 Qxb2+ 36. Qxb2 axb2 37. Kxb2 Bxg4 0-1

[Event "RUS-chT U20"]
[Site "Kolomna"]
[Date "2014.08.05"]
[Round "4"]
[White "Payanidi, Janis"]
[Black "Kuzmin, Egor"]
[Result "1-0"]
[WhiteElo "2099"]
[BlackElo "2171"]
[PlyCount "75"]
[EventDate "2014.08.02"]
[EventType "swiss"]
[EventRounds "9"]
[EventCountry "RUS"]
[SourceTitle "EXT 2016"]
[Source "ChessBase"]
[SourceDate "2015.10.08"]
[SourceVersion "1"]
[SourceVersionDate "2015.10.08"]
[SourceQuality "1"]

1. e4 c5 2. Nf3 d6 3. d4 cxd4 4. Nxd4 Nf6 5. Nc3 Nc6 6. f3 e5 7. Nb3 Be7 8. Be3 0-0 9. Qd2 Be6 10. 0-0-0 a5 11. Bb5 Qc7 12. Qf2 a4 13. Bxa4 Nb4 14. Bb6 Qc8 15. Kb1 d5 16. Bc5 Bxc5 17. Qxc5 d4 18. Qxb4 dxc3 19. bxc3 b6 20. Bb5 Qc7 21. Rd3 Rfc8 22. Rhd1 h5 23. Kb2 h4 24. Qd6 Qa7 25. a4 Qb8 26. Qxb8 Raxb8 27. Rd6 Kf8 28. Nd2 h3 29. g3 g5 30. g4 Rd8 31. Nf1 Ke7 32. Rxd8 Rxd8 33. Rxd8 Kxd8 34. Ne3 Kc7 35. Ka3 Kd6 36. Kb4 Ng8 37. Bc4 Bd7 38. Bxf7 1-0

[Event "RUS-chT U20"]
[Site "Kaliningrad"]
[Date "2013.08.10"]
[Round "9"]
[White "Payanidi, Janis"]
[Black "Yeletsky, Ivan"]
[Result "1/2-1/2"]
[WhiteElo "2047"]
[BlackElo "2139"]
[PlyCount "91"]
[EventDate "2013.08.02"]
[EventType "team-swiss"]
[EventRounds "9"]
[EventCountry "RUS"]
[SourceTitle "EXT 2018"]
[Source "ChessBase"]
[SourceDate "2017.10.13"]
[SourceVersion "1"]
[SourceVersionDate "2017.10.13"]
[SourceQuality "1"]

1. e4 d6 2. d4 Nf6 3. Nc3 e5 4. dxe5 dxe5 5. Qxd8+ Kxd8 6. Be3 Nbd7 7. f3 Bd6 8. Bc4 Ke7 9. 0-0-0 a6 10. Nge2 h6 11. g3 Bc5 12. Nd5+ Nxd5 13. Bxc5+ Nxc5 14. Rxd5 Nd7 15. Rhd1 f6 16. R5d2 c6 17. Rd6 Nb6 18. Bb3 Nd5 19. R6xd5 cxd5 20. Bxd5 Rb8 21. Rd3 h5 22. Rc3 Bd7 23. Rc7 Kd6 24. Rxb7 Rxb7 25. Bxb7 a5 26. Ba6 g5 27. Kd2 g4 28. f4 h4 29. Ke3 Bc6 30. f5 hxg3 31. hxg3 Rh1 32. b3 Ra1 33. a4 Kc5 34. Bd3 Kb4 35. Kd2 Rh1 36. Ke3 Rd1 37. Ba6 Rh1 38. Bd3 Ka3 39. Kd2 Kb2 40. Nc3 Rg1 41. Ne2 Rh1 42. Nc3 Rh3 43. Ne2 Rh8 44. Nc3 Rd8 45. Nd1+ Ka3 46. Ke3 1/2-1/2

[Event "Moscow op-E"]
[Site "Moscow"]
[Date "2011.02.02"]
[Round "5.222"]
[White "Gorishniy, Yuri"]
[Black "Payanidi, Janis"]
[Result "0-1"]
[WhiteElo "2143"]
[BlackElo "1831"]
[PlyCount "61"]
[EventDate "2011.01.29"]
[EventType "swiss"]
[EventRounds "9"]
[EventCountry "RUS"]
[SourceTitle "EXT 2022"]
[Source "ChessBase"]
[SourceDate "2021.10.06"]
[SourceVersion "1"]
[SourceVersionDate "2021.10.06"]
[SourceQuality "1"]

1. Nf3 Nf6 2. c4 g6 3. Nc3 Bg7 4. e4 d6 5. d4 0-0 6. Be2 e5 7. 0-0 Nc6 8. d5 Ne7 9. b4 Ne8 10. Nd2 f5 11. f3 f4 12. c5 g5 13. Nc4 h5 14. a4 Rf6 15. Ba3 Rg6 16. a5 g4 17. b5 b6 18. cxb6 cxb6 19. axb6 axb6 20. Bb4 Rb8 21. Na4 Bd7 22. Ncxb6 Rxb6 23. Ba5 Nc8 24. Rc1 Qh4 25. fxg4 hxg4 26. Bxb6 Nxb6 27. h3 Nxa4 28. Bxg4 Bxg4 29. hxg4 Nc5 30. Qe2 Nf6 31. Rf3 0-1

[Event "Moscow op-E"]
[Site "Moscow"]
[Date "2011.01.30"]
[Round "2.118"]
[White "Payanidi, Janis"]
[Black "Turikov, Viktor"]
[Result "0-1"]
[WhiteElo "1831"]
[BlackElo "2298"]
[PlyCount "102"]
[EventDate "2011.01.29"]
[EventType "swiss"]
[EventRounds "9"]
[EventCountry "RUS"]
[SourceTitle "EXT 2022"]
[Source "ChessBase"]
[SourceDate "2021.10.06"]
[SourceVersion "1"]
[SourceVersionDate "2021.10.06"]
[SourceQuality "1"]

1. e4 b6 2. d4 Bb7 3. Bd3 e6 4. c3 g6 5. Nf3 Bg7 6. 0-0 d6 7. Be3 Nd7 8. Qc2 Ne7 9. Nbd2 0-0 10. Rfe1 e5 11. Nf1 Nc6 12. Rad1 exd4 13. cxd4 Nb4 14. Qb3 Nxd3 15. Qxd3 Re8 16. Bg5 Qc8 17. Ng3 h6 18. Bd2 Nf6 19. Bc3 d5 20. e5 Ne4 21. Nd2 Nxc3 22. bxc3 Qd7 23. f4 h5 24. Nf3 Qg4 25. Ne2 h4 26. h3 Qh5 27. Rf1 Bc8 28. Qb5 Be6 29. Qc6 Bf8 30. c4 Red8 31. Nc3 dxc4 32. d5 Bc5+ 33. Kh1 Bf5 34. Qf6 Qh8 35. Qg5 Bb4 36. Nb5 Rd7 37. d6 cxd6 38. Nfd4 Bd3 39. Rxd3 cxd3 40. e6 fxe6 41. Nxe6 Qh5 42. Qf6 Qf5 43. Qxh4 Qxb5 44. f5 d2 45. Qf4 Qxf5 46. Qc4 d5 47. Qe2 Qe4 48. Qb5 Qxe6 49. Qxb4 Qe2 50. Qb1 Re8 51. a4 Qxf1+ 0-1